000 01240nam0a2200337 4500
001 RU\NLR\bibl\582883
005 20250610140119.0
010 _a5-87245-111-3
_9700
021 _aRU
_b2004-32682
_91642
035 _a(NLR Aleph) 000574874
090 _a1615696
_c1615696
100 _a20041214d2004 |||y0rusy50 ca
101 0 _arus
_alat
102 _aRU
105 _ay |||||||||
200 1 _aПсалом CXXX в экзегезе Августина
_fС.А. Степанцов
210 _aМ.
_cГреко-латинский кабинет Ю.А. Шичалина
_d2004
215 _a105,[1] с.
_d20
300 _aЧасть текста на латыни
320 _aБиблиогр. в подстроч. примеч.
605 _aБиблия
_iВетхий Завет
_iПсалтырь
_xТолкование
_92191472
_3RU\NLR\auth\661317340
606 0 _aПатрология
_91931334
_3RU\NLR\auth\66881853
686 _aЭ37-210.913
700 1 _aСтепанцов
_bС. А.
_gСергей Александрович
_4070
801 0 _aRU
_bNLR
_c20041214
_gPSBO
801 1 _aRU
_bNLR
_c20041214
830 _aАвт. по кн.
942 _cBOOK
980 _aNB